| 000 | 00659nam a2200265Ia 4500 | ||
|---|---|---|---|
| 001 | 36836 | ||
| 005 | 20240114001910.0 | ||
| 007 | ta | ||
| 008 | 070512s a g b000 u 465 u | ||
| 040 | _aCotton College Assam | ||
| 041 | _a465 | ||
| 082 |
_a798.4 _bC 634 R |
||
| 100 | _aCobbett, William . | ||
| 245 | 0 |
_aRural Rides / _cWilliam Cobbett. _hTextual Documents |
|
| 250 | _a1st ed. / | ||
| 260 |
_aSl : _bT.Nelson & Sons , _cNd. |
||
| 300 |
_a567p. : _bill ; _c20cm . |
||
| 653 | _aRural Rides | ||
| 653 | _aG-Technology | ||
| 653 | _aT/G-Sports | ||
| 942 |
_2ddc _cBK |
||
| 999 |
_c36818 _d36818 |
||